=LDR 00000nam 2200000 4500 =001 INLIS000000000016911 =005 20130612112131 =008 ***********************************Ind** =035 ##$$0010-061300000016911 =041 ##$$a Ind =082 ##$$a F Rom K =090 ##$$a F Rom K, Sir m =100 ##$$a Siregar, Adzimattinur =245 ##$$a Meski pialaku terbang, Adzimattimur Singar =260 ##$$a 2004 $b Jakarta =300 ##$$a 144 hlm, 17 cm =650 ##$$a Fiksi anak-anak =850 ##$$a NBPNMAT